000
00282nam a2200109Ia 4500
008
190919s9999||||xx |||||||||||||| ||und||
100
_a
Lin, Chlamtac
245
0
_a
Wireless and Mobile Network Architecture
260
_a
Lahore
_b
Tata McGraw Hill
_c
2004
300
_a
988
942
_c
BK
999
_c
11421
_d
11421